人口最少的县区都在哪? Where are the counties with the smallest populations? - Statistics

General Stats
  • This quiz has been taken 76 times
  • The average score is 44 of 58
Answer Stats
人口 区县 上级 % Correct
63.8 崇明区 上海
100%
34.6 延庆区 北京
100%
35.5 和平区 天津
98%
2.3 阿拉善右旗 内蒙古
93%
6.4 南澳县 广东
91%
5.8 长白朝鲜族自治县 吉林
91%
0.2 西沙群岛 海南
91%
阿拉善盟
91%
28.5 洪泽区 江苏
89%
6.7 嵊泗县 浙江
89%
3.8 贡山独龙族怒族自治县 云南
89%
1.1 阿拉山口市 新疆
88%
1.1 阿克塞哈萨克族自治县 甘肃
88%
淮安市
88%
白山市
88%
三沙市
88%
1.4 玛多县 青海
86%
0.8 札达县 西藏
86%
舟山市
86%
汕头市
86%
6.1 武陵源区 湖南
82%
酒泉市
82%
果洛藏族自治州
81%
19.7 城口县 重庆
79%
7.6 黟县 安徽
79%
张家界市
79%
阿里地区
79%
23.8 利津县 山东
77%
怒江傈僳族自治州
77%
5.5 鹰手营子矿区 河北
75%
1.6 松岭区 黑龙江
75%
东营市
74%
黄山市
74%
博尔塔拉蒙古自治州
74%
承德市
72%
大兴安岭地区
72%
8.5 泾源县 宁夏
70%
2.7 佛坪县 陕西
68%
固原市
68%
9.6 资溪县 江西
67%
2.5 得荣县 四川
67%
汉中市
67%
5.2 大宁县 山西
65%
甘孜藏族自治州
65%
12.3 台江县 贵州
63%
9.9 合山市 广西
63%
9.9 明溪县 福建
63%
5.1 清河门区 辽宁
63%
4.2 铁山区 湖北
63%
三明市
61%
黄石市
61%
4.3 石龙区 河南
60%
黔东南苗族侗族自治州
60%
临汾市
60%
抚州市
58%
阜新市
56%
来宾市
54%
平顶山市
54%
No matching quizzes found
Score Distribution
Percent of People with Each Score
Percentile by Number Answered
Your Score History
You have not taken this quiz